000 00447cam a2200169 4500
020 _a0813810353
040 _cDLC
082 0 0 _a658 LOW 1973 A091 Or.
100 1 _aBeneke, Raymond R.,
245 1 0 _aLinear programming applications to agriculture
250 _a[1st ed.]
260 _aAmes,
_bIowa State University Press,
_c1973.
300 _avii, 244 p.
_c23 cm.
650 0 _aFarm management
700 1 _aWinterboer, Ronald,
942 _cEK
999 _c15500
_d15500